Statistics for Name a Valid Disney Animated Movie

Click here to take the quiz!

General Stats

  • This quiz has been taken 1,430 times
  • The average score is 12 of 16

Answer Stats

Name any Disney Animated Movie that ... Valid Movies Movies % Correct
has just one word in its namePinocchio / Fantasia / Dumbo / Bambi / Cinderella / Aladdin / Pocahontas / Hercules / Mulan / Tarzan / Dinosaur / Bolt / Tangled / Frozen / Zootopia / MoanaPinocchio, Aladdin, Bolt, ...
98%
has an official Disney Princess in itSnow White and the Seven Dwarfs / Cinderella / Sleeping Beauty / The Little Mermaid / Beauty and the Beast / Aladdin / Pocahontas / Mulan / The Princess and the Frog / Tangled / MoanaCinderella, Mulan, Moana, ...
97%
has a non-human character in its titleSnow White and the Seven Dwarfs / Pinocchio / Dumbo / Bambi / The Adventures of Ichabod and Mr. Toad / Lady and the Tramp / 101 Dalmatians / The Aristocats / Robin Hood / The Many Adventures of Winnie the Pooh / The Fox and the Hound / The Great Mouse Detective / Oliver & Company / The Little Mermaid / Beauty and the Beast / The Lion King / Hercules / Dinosaur / Lilo & Stitch / Brother Bear / Chicken Little / Bolt / The Princess and the Frog / Winnie the Pooh / Wreck-It Ralph / Ralph Breaks the InternetBambi, Brother Bear, Dinosaur, ...
95%
won an Academy AwardSnow White and the Seven Dwarfs / Pinocchio / Fantasia / Dumbo / The Little Mermaid / Beauty and the Beast / Aladdin / The Lion King / Pocahontas / Tarzan / Frozen / Big Hero 6 / ZootopiaThe Lion King, Aladdin, Frozen, ...
93%
gained at least $400m at the worldwide Box OfficeSnow White and the Seven Dwarfs / Beauty and the Beast / Aladdin / The Lion King / Tarzan / Tangled / Wreck-It Ralph / Frozen / Big Hero 6 / Zootopia / Moana / Ralph Breaks the Internet / Frozen 2Frozen, Zootopia, The Lion King, ...
85%
was released in the 1950sCinderella / Alice in Wonderland / Peter Pan / Lady and the Tramp / Sleeping BeautyCinderella, Peter Pan, Sleeping Beauty, ...
83%
had a budget of $150m or moreChicken Little / Meet the Robinsons / Bolt / Tangled / Wreck-It Ralph / Frozen / Big Hero 6 / Zootopia / Moana / Ralph Breaks the Internet / Frozen 2Chicken Little, Tangled, Frozen, ...
81%
has a number in its title101 Dalmatians / The Three Caballeros / Snow White and the Seven Dwarfs / Fantasia 2000 / Big Hero 6 / Frozen 2101 Dalmatians, Fantasia 2000,
Big Hero 6, ...
81%
was released in the "Disney Renaissance"The Little Mermaid / The Rescuers Down Under / Beauty and the Beast / Aladdin / The Lion King / Pocahontas / The Hunchback of Notre Dame / Hercules / Mulan / TarzanThe Little Mermaid, Tarzan,
Beauty and the Beast, ...
72%
has a Rotten Tomatoes score of at least 95%Snow White and the Seven Dwarfs / Pinocchio / Fantasia / Dumbo / Cinderella / 101 Dalmatians / The Many Adventures of Winnie the Pooh / Zootopia / MoanaPinocchio, Zootopia, Moana, ...
63%
is a sequelThe Rescuers Down Under / Fantasia 2000 / Ralph Breaks the Internet / Frozen 2The Rescuers Down Under, Fantasia 2000,
Ralph Breaks the Internet, Frozen 2
61%
was nominated for an Academy Award but never wonBambi / Saludos Amigos / The Three Caballeros / Cinderella / Alice in Wonderland / Sleeping Beauty / The Sword in the Stone / The Jungle Book / Robin Hood / The Rescuers / The Hunchback of Notre Dame / Hercules / Mulan / The Emperor's New Groove / Lilo & Stitch / Treasure Planet / Brother Bear / Bolt / The Princess and the Frog / Tangled / Wreck-It Ralph / Moana / Ralph Breaks the Internet / Frozen 2Bambi, Tangled, Moana, ...
60%
has been guessed less than 25% on the Disney Animated Movies quizZootopia / The Rescuers Down Under / The Black Cauldron / Brother Bear / Fantasia 2000 / Oliver & Company / Bolt / Treasure Planet / Ralph Breaks the Internet / The Great Mouse Detective / Chicken Little / Meet the Robinsons / Dinosaur / The Three Caballeros / Home on the Range / The Adventures of Ichabod and Mr. Toad / Fun and Fancy Free / Make Mine Music / Melody Time / Saludos AmigosSaludos Amigos, Melody Time,
Make Mine Music, ...
60%
has a runtime of 70 minutes or lessDumbo / Bambi / Saludos Amigos / The Adventures of Ichabod and Mr. Toad / Winnie the PoohDumbo, Bambi, Saludos Amigos, ...
56%
has 5 or more words in its nameSnow White and the Seven Dwarfs / The Adventures of Ichabod and Mr. Toad / The Sword in the Stone / The Many Adventures of Winnie the Pooh / The Fox and the Hound / The Hunchback of Notre Dame / The Princess and the Frog / One Hundred and One DalmatiansThe Sword in the Stone,
The Many Adventures of Winnie the Pooh, ...
51%
has a Metacritic score of 60% or belowMake Mine Music / Robin Hood / The Black Cauldron / Oliver & Company / Pocahontas / Fantasia 2000 / Dinosaur / Atlantis: The Lost Empire / Treasure Planet / Brother Bear / Home on the Range / Chicken LittleDinosaur, Brother Bear, Chicken Little, ...
48%

Score Distribution

Percentile by Number Answered

Percent of People with Each Score

Your Score History

You have not taken this quiz